000 00319nam a22001337a 4500
020 _a9780070581647
082 _222
_a620.16
100 _aNayer, Alok.
245 _aTesting of metals /
250 _aNA
260 _aNew Delhi,
_bTata McGrew Hill,
_cc2008.
300 _axiii,202 p. ;
_bill. ;
_c24 cm.
942 _2ddc
_cCIVIL
999 _c919
_d919